000 00591nam a22002297a 4500
003 UA-OsUOA
001 47289
007 ta
008 20070716b un ||||| |||| 00| 0 ukr d
100 _aА.П. Лаптев
090 _a797
_bА11
942 _cBK
040 _aUA-OsUOA
_brus
_cUA-OsUOA
_dUA-OsUOA
245 _aЗакаливайтесь на здоровье
300 _a137 с.
955 _a2
041 _arus
080 _a797
260 _aМ.
_bМедицина
_c1991
650 7 _a797 Водний спорт. Авіаційний спорт
_2UDC
999 _c333386
_d333386